Diseases Caused by Viruses - Sudden Death - Statistics

General Stats
  • This quiz has been taken 123 times
  • The average score is 7 of 20
Answers on the Grid
Answers color-coded by a green-red scale on the quiz's grid according to % correct below.
AIDS
Anthrax
Bubonic Plague
Cat Scratch Disease
Chickenpox
Common Cold
COVID-19
Cysticercosis
Dengue Fever
Ebola
Erysipelas
Flu
Gout
Herpes
Horse Encephalitis
Kaposi's Sarcoma
Lyme Disease
Malaria
Measles
Monkeypox
Mumps
Polio
Rabies
Rubella
Shingles
Sleeping Sickness
Smallpox
Sporotrichosis
Syphilis
Tuberculosis
Viral Hepatitis
Yellow Fever
 
Answer Stats
Answer % Correct
AIDS
85%
COVID-19
65%
Flu
56%
Common Cold
50%
Chickenpox
47%
Herpes
44%
Ebola
38%
Measles
38%
Polio
35%
Viral Hepatitis
35%
Monkeypox
33%
Smallpox
32%
Rabies
30%
Dengue Fever
27%
Mumps
24%
Shingles
24%
Rubella
23%
Yellow Fever
21%
Horse Encephalitis
11%
Kaposi's Sarcoma
11%
No matching quizzes found
Score Distribution
Percent of People with Each Score
Percentile by Number Answered
Your Score History
You have not taken this quiz